ՀՀ Գիտությունների ազգային ակադեմիայի հիմնարար գիտական գրադարան  =   Fundamental Scientific Library of NAS RA

Միկրո և նանո էլեկտրոնիկայի հիմունքներ : (Record no. 300993)

MARC details
000 -LEADER
fixed length control field 01370nam a2200229 a 4500
001 - CONTROL NUMBER
control field 000837907
003 - CONTROL NUMBER IDENTIFIER
control field AM-YeHGA
005 - DATE AND TIME OF LATEST TRANSACTION
control field 20250618073958.0
008 - FIXED-LENGTH DATA ELEMENTS--GENERAL INFORMATION
fixed length control field 111012s2011 ai r 000 0 arm d
020 ## - INTERNATIONAL STANDARD BOOK NUMBER
International Standard Book Number 9789939556307
040 ## - CATALOGING SOURCE
Original cataloging agency AM-YeHGA
041 0# - LANGUAGE CODE
Language code of text/sound track or separate title arm
090 ## - LOCALLY ASSIGNED LC-TYPE CALL NUMBER (OCLC); LOCAL CALL NUMBER (RLIN)
-- 302692
100 1# - MAIN ENTRY--PERSONAL NAME
Personal name Խուդավերդյան, Սուրիկ Խաչիկի
245 10 - TITLE STATEMENT
Title Միկրո և նանո էլեկտրոնիկայի հիմունքներ :
Remainder of title Ուսումնական ձեռնարկ /
Statement of responsibility, etc. Ս.Խ. Խուդավերդյան: ՀՀ Կրթ. և գիտ. նախ., ՀՊՃՀ. Ռ և ԿՀ ֆակ. ՌԿ և Ա ամբիոն.
260 ## - PUBLICATION, DISTRIBUTION, ETC.
Place of publication, distribution, etc. Երևան :
Name of publisher, distributor, etc. Ճարտարագետ,
Date of publication, distribution, etc. 2011.
300 ## - PHYSICAL DESCRIPTION
Extent 228 էջ.
530 ## - ADDITIONAL PHYSICAL FORM AVAILABLE NOTE
Additional physical form available note Էլեկտրոմնային պաշարը հասանելի է ՀՊՃՀ-ի գրադարանի էլեկտրոնային ընթերցասրահում
Uniform Resource Identifier <a href="http://libsrv.seua.am/chair_publications/1694E.pdf">http://libsrv.seua.am/chair_publications/1694E.pdf</a>
650 14 - SUBJECT ADDED ENTRY--TOPICAL TERM
Topical term or geographic name entry element Ռադիոէլեկտրոնիկա
710 2# - ADDED ENTRY--CORPORATE NAME
Corporate name or jurisdiction name as entry element ՀՀ կրթության և գիտության նախարարություն
9 (RLIN) 8625
710 2# - ADDED ENTRY--CORPORATE NAME
Corporate name or jurisdiction name as entry element Հայաստանի պետական ճարտարագիտական համալսարան (Պոլիտեխնիկ).
Subordinate unit Ռադիոտեխնիկայի և կապի համակարգերի ֆակուլտետ.
-- Ռադիոսարքավորումների կոնստրուկտավորման և արտադրության ամբիոն
Holdings
Withdrawn status Lost status Damaged status Not for loan Collection Home library Current library Date acquired Cost, normal purchase price Shelving control number Total checkouts Full call number Barcode Date last seen Price effective from Koha item type Public note
        General Fundamental Scientific Library Fundamental Scientific Library 09/01/2017 2500.00     AII/97204 FL0188256 09/01/2017 09/01/2017 Գրքեր / Books 30 Days Loan
        General Fundamental Scientific Library Fundamental Scientific Library 09/01/2017 0.00     AII/97205 FL0188255 09/01/2017 09/01/2017 Գրքեր / Books 30 Days Loan


ՀՀ ԳԱԱ հիմնարար գիտական գրադարան
ՀՀ,Երևան 0019
Մարշալ Բաղրամյան 24/6
հեռախոս:(374-10) 52-47-50
Հետադարձ կապ

All site content, except where otherwise noted, is licensed under a
Creative Commons License